00555nas a2200181 a 450000500170000000800410001704000270005804100080008504400070009324500190010026000760011930000150019531000060021032100060021665000530022265000580027571000400033320180423120503.0180423s2015 ko u|n|r|||| 00| 0 eng d aCO-BoIAVH cCO-BoIAVH 0 aeng ako00aFlora of Korea aIncheon (Corea del Sur) : bSeoul National University Herbarium,c2015. c29 x 22 cm au au26aFlorazCorea del SurvPublicaciones periódicas26aBotánicazCorea del SurvPublicaciones periódicas2 aSeoul National University Herbarium